عرض عادي
عرض مارك
- Wempen, Faithe.
مدخل إسم شخص
001 - رقم الضبط
- حقل الضبط: 12263
003 - معرف رقم الضبط
- حقل الضبط: OSt
005 - تاريخ ووقت أخر عملية
- حقل الضبط: 20120429180200.0
008 - عناصر بيانات ثابتة الطول
- حقل تحكم ثابت الطول: 120429|||a|||||| | ||| d
040 ## - مصدر الفهرسة
- هيئة الفهرسة الأصلية: OSt
- وكالة الكتابة: OSt
100 ## - مدخل -- أسم شخص
- إسم شخص: Wempen, Faithe.
670 ## - بيانات المصدر موجوده
- الاستشهاد بالمصدر: Work cat.: (OSt)0: Weixel, Suzanne. 12262, Learning Microsoft Word 2010 /, c2012.
